<?xml version="1.0" encoding="UTF-8"?>
<record
    xmlns:xsi="http://www.w3.org/2001/XMLSchema-instance"
    xsi:schemaLocation="http://www.loc.gov/MARC21/slim http://www.loc.gov/standards/marcxml/schema/MARC21slim.xsd"
    xmlns="http://www.loc.gov/MARC21/slim">

  <leader>00842    a2200229   4500</leader>
  <datafield tag="010" ind1=" " ind2=" ">
    <subfield code="a">TML-30350</subfield>
  </datafield>
  <datafield tag="020" ind1=" " ind2=" ">
    <subfield code="a">8123410989</subfield>
    <subfield code="c">55.00</subfield>
  </datafield>
  <datafield tag="035" ind1=" " ind2=" ">
    <subfield code="a">TM-28586</subfield>
  </datafield>
  <datafield tag="037" ind1=" " ind2=" ">
    <subfield code="b">D.B.Act / pub /</subfield>
  </datafield>
  <datafield tag="082" ind1=" " ind2=" ">
    <subfield code="a">330.95482</subfield>
  </datafield>
  <datafield tag="090" ind1=" " ind2=" ">
    <subfield code="c">1232</subfield>
    <subfield code="d">1232</subfield>
  </datafield>
  <datafield tag="100" ind1=" " ind2=" ">
    <subfield code="a">&#xBAA;&#xBC7;&#xBB0;&#xBBF;&#xBA9;&#xBCD;&#xBAA;&#xBA9;&#xBCD;, &#xBA4;&#xBC7;&#xBB5;.</subfield>
  </datafield>
  <datafield tag="245" ind1=" " ind2=" ">
    <subfield code="a"> &#xBA4;&#xBAE;&#xBBF;&#xBB4;&#xB95;&#xBA4;&#xBCD;&#xBA4;&#xBBF;&#xBA9;&#xBCD; &#xBAA;&#xBCA;&#xBB0;&#xBC1;&#xBB3;&#xBBE;&#xBA4;&#xBBE;&#xBB0; &#xBB5;&#xBB0;&#xBB2;&#xBBE;&#xBB1;&#xBC1;</subfield>
    <subfield code="c">by  &#xBA4;&#xBC7;&#xBB5;. &#xBAA;&#xBC7;&#xBB0;&#xBBF;&#xBA9;&#xBCD;&#xBAA;&#xBA9;</subfield>
  </datafield>
  <datafield tag="246" ind1=" " ind2=" ">
    <subfield code="a">Tamizhakathin porulathara varalaru</subfield>
    <subfield code="b">by Deva. Perinpan</subfield>
  </datafield>
  <datafield tag="250" ind1=" " ind2=" ">
    <subfield code="a">1st ed</subfield>
  </datafield>
  <datafield tag="260" ind1=" " ind2=" ">
    <subfield code="a">Chennai</subfield>
    <subfield code="b">New Century Book House</subfield>
    <subfield code="c">2006</subfield>
  </datafield>
  <datafield tag="270" ind1=" " ind2=" ">
    <subfield code="a">41b, Sidco Indusrial estate , Ambattur</subfield>
    <subfield code="b">Chennai</subfield>
    <subfield code="e">600098</subfield>
  </datafield>
  <datafield tag="300" ind1=" " ind2=" ">
    <subfield code="a">xvi, 126p</subfield>
    <subfield code="c">22cm</subfield>
  </datafield>
  <datafield tag="650" ind1=" " ind2=" ">
    <subfield code="a">Economic conditions</subfield>
  </datafield>
  <datafield tag="942" ind1=" " ind2=" ">
    <subfield code="c">TM</subfield>
    <subfield code="k">330.95482 / PER</subfield>
  </datafield>
  <datafield tag="999" ind1=" " ind2=" ">
    <subfield code="c">1223</subfield>
    <subfield code="d">1223</subfield>
  </datafield>
  <datafield tag="952" ind1=" " ind2=" ">
    <subfield code="0">0</subfield>
    <subfield code="1">0</subfield>
    <subfield code="2">ddc</subfield>
    <subfield code="4">0</subfield>
    <subfield code="7">1</subfield>
    <subfield code="8">NFIC</subfield>
    <subfield code="a">DBAD</subfield>
    <subfield code="b">DBAD</subfield>
    <subfield code="g">55.00</subfield>
    <subfield code="l">0</subfield>
    <subfield code="o">330.95482</subfield>
    <subfield code="p">TM-28586</subfield>
    <subfield code="r">2008-09-15 00:00:00</subfield>
    <subfield code="t">1</subfield>
    <subfield code="u">1288</subfield>
    <subfield code="v">55.00</subfield>
    <subfield code="w">2008-09-15</subfield>
    <subfield code="y">TM</subfield>
  </datafield>
</record>
